| 000 | 00405nam a2200169Ia 4500 | ||
|---|---|---|---|
| 008 | 230524s9999 xx 000 0 und d | ||
| 020 | _a9788126533138 | ||
| 082 | _bPAU | ||
| 100 |
_aPatrick Paultre _942890 |
||
| 245 | 0 | _aDynamics of Structures | |
| 250 | _a2 | ||
| 260 |
_aNew Delhi _bWiley India _c2014 |
||
| 300 | _a"XIII,773p;" | ||
| 500 | _aQuantity Number: 1 | ||
| 650 | _aCivil | ||
| 942 | _cBK | ||
| 999 |
_c57860 _d57860 |
||